[Event "San Francisco TNM Spring op"]
[Site "San Francisco"]
[Date "2014.04.08"]
[Round "4"]
[White "Simpkins, Jerry"]
[Black "West, David Matthew"]
[Result "1-0"]
[WhiteElo "1551"]
[BlackElo "1333"]
[PlyCount "35"]
[EventDate "2014.03.18"]
[EventType "swiss"]
[EventRounds "8"]
[EventCountry "USA"]
[SourceTitle "EXT 2016"]
[Source "ChessBase"]
[SourceDate "2015.10.08"]
[SourceVersion "1"]
[SourceVersionDate "2015.10.08"]
[SourceQuality "1"]

1. e4 e6 2. d4 d5 3. e5 c5 4. c3 Nc6 5. Nf3 Qb6 6. Bd3 cxd4 7. cxd4 Nxd4 8. Nxd4 Bb4+ 9. Nc3 Bd7 10. Be3 Bc5 11. Ndb5 Bxe3 12. Nd6+ Kf8 13. fxe3 Qxb2 14. 0-0 f6 15. Rc1 Ke7 16. Bb5 fxe5 17. Rf7+ Kxd6 18. Rxd7+ 1-0

[Event "San Francisco TNM Winter op"]
[Site "San Francisco"]
[Date "2014.02.25"]
[Round "8"]
[White "West, David Matthew"]
[Black "James, Charles"]
[Result "0-1"]
[WhiteElo "1373"]
[BlackElo "1529"]
[PlyCount "44"]
[EventDate "2014.01.07"]
[EventType "swiss"]
[EventRounds "8"]
[EventCountry "USA"]
[SourceTitle "EXT 2016"]
[Source "ChessBase"]
[SourceDate "2015.10.08"]
[SourceVersion "1"]
[SourceVersionDate "2015.10.08"]
[SourceQuality "1"]

1. c4 f5 2. g3 Nf6 3. Nc3 g6 4. Bg2 Bg7 5. d3 0-0 6. e4 d6 7. Nge2 c6 8. 0-0 e5 9. a3 Na6 10. b4 Nc7 11. f3 f4 12. gxf4 Nh5 13. fxe5 Bxe5 14. f4 Bxc3 15. Nxc3 Ne6 16. Ne2 Qf6 17. Bd2 Qg7 18. Qc1 Nd4 19. Qd1 Bg4 20. Rf2 Nxe2+ 21. Rxe2 Bxe2 22. Bc3 Qxc3 0-1